| 000 | 00386nam a2200157Ia 4500 | ||
|---|---|---|---|
| 008 | 241228s9999 xx 000 0 und d | ||
| 020 | _a9781003324430 | 9781032349145 | ||
| 082 | _a006.3 SHI/A | ||
| 100 | _aShinde, Swati V. | ||
| 245 | 0 | _aApplied artificial intelligence : | |
| 260 | _aBoca Raton, | ||
| 260 | _bCRC Press, | ||
| 260 | _c2024 | ||
| 300 | _axx, 390p. | ||
| 942 | _cBK | ||
| 999 |
_c40116 _d40116 |
||